000 00741cab a2200229 4500
001 ABS57240
008 090401t1997 xxu||||| |||| 00| 0 eng d
035 _a(Sirsi) u80015
041 _aeng
100 _aBest, G.
245 _aNew advice on life-cycle costing is planned
260 _c1997
350 _a0
490 _aCSM
_bChartered Surveyor Monthly
_v6(10) July/August 1997, 25(1)
520 _aAs the RICS prepares a new guide on life-cycle costing, this article analyses why LCC should be adopted and how the practice can be encouraged.
650 _aBUILDING ECONOMICS
650 _aLIFE CYCLE COSTING
650 _aVALUE ENGINEERING
690 _aBUILT ENVIRONMENT-BUILDING COSTS
942 _n0
948 _c30/07/1997
999 _c50356
_d50356